=LDR 00000nam 2200000 4500 =001 INLIS000000000052110 =005 20180122012609 =035 ##$$a 0010-0118000298 =007 ta =008 180122###########################0###### =020 ##$$a 978 - 602 - 7624 - 34 - 4 =082 ##$$a 899.221 3 =084 ##$$a 899.221 3 NIK d =100 ##$$a Niken S =245 1#$$a Drean holes /$c Niken S =250 ##$$a cet.2 =260 ##$$a Yogyakarta :$b Cemerlang publishing,$c 2015 =300 ##$$a 322 hlm. ; $c 19 cm. =500 ##$$a Biografi : hlm. 319 =650 ##$$a Fiksi =990 ##$$a 15641564 =990 ##$$a 15641564 =990 ##$$a 15641564 =990 ##$$a 15641564 =990 ##$$a 15641564 =990 ##$$a 21704986 =990 ##$$a 01201801564 =990 ##$$a 01201801565 =990 ##$$a 01201801566 =990 ##$$a 01201801567 =990 ##$$a 21704987 =990 ##$$a 01201801564 =990 ##$$a 01201801565 =990 ##$$a 01201801566 =990 ##$$a 21704986 =990 ##$$a 21704988 =990 ##$$a 01201801564 =990 ##$$a 01201801565 =990 ##$$a 21704987 =990 ##$$a 21704986 =990 ##$$a 21704989 =990 ##$$a 01201801564 =990 ##$$a 21704988 =990 ##$$a 21704987 =990 ##$$a 21704986 =990 ##$$a 21704990 =990 ##$$a 21704989 =990 ##$$a 21704988 =990 ##$$a 21704987 =990 ##$$a 21704986